000 01039nas a2200337 4500
001 BR0904234
003 BR-BrBNA
005 20231205113312.0
007 ta
008 230509b bl.|||p| |||| 00| 00por d
040 _aBR-BrBNA
_bpor
_cBiblioteca Nacional de Agricultura
041 _a(Pt)
072 _aL02; L40
100 1 _aGomes, F.E.
100 1 _aFontes, D.O.
100 1 _aSaliba, E.O.S.
100 1 _aFerreira, W.M.
100 1 _aFialho, E.T.
100 1 _aSilva, F.C.O.
100 1 _aSilva, M.A.
100 1 _aCorrêa, G.S.S.
100 1 _aSalum, G.M.
245 1 _aÁcido fumárico e sua combinação com os ácidos butírico ou fórmico em dietas de leitões recém-desmamados
650 _aSUÍNO
650 _aÁCIDO ORGÂNICO
650 _aPERFORMANCE
650 _aINTESTINO DELGADO
773 0 _tArquivo Brasileiro de Medicina Veterinária e Zootecnia (Brazil)
_xISSN 0102-0935
_g(Oct 2007), v. 59(5) p. 1270-1277
_wBR0904234
909 _a202311
_bLúcia
_c55
_dLúcia Elande
942 _2AGRIS
_n0
_cANA
999 _c203005
_d203005